Evaluación del efecto de las sobre cargas del transporte pesado en la pérdida de serviciabilidad de las estructuras de pavimento, (Registro nro. 2528)
[ vista simple ]
| 000 -LEADER | |
|---|---|
| campo de control de longitud fija | 02466nam a22003617a 4500 |
| 001 - NÚMERO DE CONTROL | |
| campo de control | 42835 |
| 003 - IDENTIFICADOR DE NÚMERO DE CONTROL | |
| campo de control | gtgccic |
| 005 - FECHA Y HORA DE LA ÚLTIMA TRANSACCIÓN | |
| campo de control | 20251113123604.0 |
| 007 - CAMPO FIJO DE DESCRIPCIÓN FÍSICA--INFORMACIÓN GENERAL | |
| campo de control de longitud fija | ta |
| 008 - DATOS DE LONGITUD FIJA--INFORMACIÓN GENERAL | |
| campo de control de longitud fija | 251113b gt ||||| |||| 00| 0 spa d |
| 040 ## - FUENTE DE CATALOGACIÓN | |
| Centro catalogador/agencia de origen | gtgccic |
| Lengua de catalogación | spa |
| Centro/agencia transcriptor | gtgccic |
| Normas de descripción | rda |
| 084 ## - OTRO NÚMERO DE CLASIFICACIÓN | |
| Número de control del registro de autoridad o número normalizado | TPI-17-0115 |
| 100 10 - ENTRADA PRINCIPAL--NOMBRE DE PERSONA | |
| Nombre de persona | Luis Enrique Velásquez Calderón |
| Fechas asociadas al nombre | Ingeniero Civil |
| Término indicativo de función/relación | autor |
| 245 10 - MENCIÓN DEL TÍTULO | |
| Título | Evaluación del efecto de las sobre cargas del transporte pesado en la pérdida de serviciabilidad de las estructuras de pavimento, |
| Resto del título | por medio de los factores equivalentes de carga por tipo de eje / |
| Mención de responsabilidad, etc. | Velásquez Calderón, Luis Enrique |
| 264 #1 - PRODUCCIÓN, PUBLICACIÓN, DISTRIBUCIÓN, FABRICACIÓN Y COPYRIGHT | |
| Producción, publicación, distribución, fabricación y copyright | Guatemala, Guatemala : |
| Nombre del de productor, editor, distribuidor, fabricante | USAC, Facultad de Ingeniería ; |
| Fecha de producción, publicación, distribución, fabricación o copyright | 2017.- |
| 300 ## - DESCRIPCIÓN FÍSICA | |
| Extensión | xxx, 81 p. : |
| Otras características físicas | il. ; |
| Dimensiones | 27 cm |
| 336 ## - TIPO DE CONTENIDO | |
| Fuente | rdacontenido |
| Término de tipo de contenido | Texto |
| Código de tipo de contenido | txt |
| 337 ## - TIPO DE MEDIO | |
| Fuente | rdamedio |
| Nombre/término del tipo de medio | sin mediación |
| Código del tipo de medio | n |
| 338 ## - TIPO DE SOPORTE | |
| Fuente | rdasoporte |
| Nombre/término del tipo de soporte | volumen |
| Código del tipo de soporte | nc |
| 502 ## - NOTA DE TESIS | |
| Nota de tesis | Tesis Postgrado |
| Tipo de título | MAESTRO EN INGENIERÍA VIAL |
| Nombre de la institución que otorga el título | USAC, Facultad de Ingeniería, Escuela de Postgrado |
| Año de obtención del título | 2017 |
| Identificador de la tesis | TPI-17-0115 |
| 504 ## - NOTA DE BIBLIOGRAFÍA, ETC. | |
| Nota de bibliografía, etc. Nota | Bibliografía pag. 61 |
| 505 ## - NOTA DE CONTENIDO CON FORMATO | |
| Título | 1. GENERALIDADES |
| 505 ## - NOTA DE CONTENIDO CON FORMATO | |
| Título | 2. MARCO LEGAL |
| 505 ## - NOTA DE CONTENIDO CON FORMATO | |
| Título | 3. CÁLCULO DE LOS FACTORES EQUIVALENTES DE CARGA Y FACTORES CAMIÓN |
| 505 ## - NOTA DE CONTENIDO CON FORMATO | |
| Título | 4. ANÁLISIS TRAMO SIQUINALÁ - COCALES |
| 520 #3 - RESUMEN, ETC. | |
| Sumario, etc. | A la fecha, en Guatemala es común leer en los medios de comunicación escrita que, un tramo de reciente construcción o rehabilitación, está presentando daños tempranos que repercuten en la pérdida de srviciabilidad del pavimento. Es sabido que el análisis de este tipo de fallas prematuras enlas estructuras de pavimente, requiere de una variedad de estudios, debido a que el comportamiento de estas estructuras está relacionado con un gran número de parámetros, los cuales se consideraron en el diseño estructural del mismo. Uno de estos parámetros es el tránsito vehicular, el cual de acuerdo a la limitación de infraestructura del país, no se cuenta con un control eficiente de los pesos de los vehículos de transporte pesado, esto debido a que no existen estaciones de básculas en todas las carreteras, donde predomina la circulación de estos vehículos, y en donde las hay, son fácilmente evadidas por los pilotos por medio de un sin número de acciones que se salen del control del personal a cargo de dichas oficinas. |
| 650 ## - PUNTO DE ACCESO ADICIONAL DE MATERIA--TÉRMINO DE MATERIA | |
| Término de materia o nombre geográfico como elemento de entrada | TRANSPORTE |
| 650 ## - PUNTO DE ACCESO ADICIONAL DE MATERIA--TÉRMINO DE MATERIA | |
| Término de materia o nombre geográfico como elemento de entrada | CAMIONES |
| 650 ## - PUNTO DE ACCESO ADICIONAL DE MATERIA--TÉRMINO DE MATERIA | |
| Término de materia o nombre geográfico como elemento de entrada | PAVIMENTOS |
| 700 ## - ENTRADA AGREGADA--NOMBRE PERSONAL | |
| Nombre de persona | Msc. Ing. Carlos Arnoldo Morales Rosales |
| Término indicativo de función/relación | asesor |
| 942 ## - ELEMENTOS DE ENTRADA SECUNDARIOS (KOHA) | |
| Fuente de la clasificación o esquema de estantería | Clasificación Decimal Dewey |
| Tipo de ítem Koha | TESISPOSTGRADO |
| 945 ## - PROCESAMIENTO DE INFORMACIÓN LOCAL (OCLC) | |
| a | amlo |
| Estatus retirado | Estado de pérdida | Fuente de la clasificación o esquema de estantería | Estado de daño | No para préstamo | Biblioteca de origen | Biblioteca actual | Fecha de adquisición | Número de inventario | Total de préstamos | Signatura topográfica completa | Código de barras | Visto por última vez | Precio de reemplazo | Tipo de ítem Koha | Nota pública |
|---|---|---|---|---|---|---|---|---|---|---|---|---|---|---|---|
| Clasificación Decimal Dewey | CENTRO DE INFORMACIÓN A LA CONSTRUCCIÓN-CICON | CENTRO DE INFORMACIÓN A LA CONSTRUCCIÓN-CICON | 13/11/2025 | P20170115 | TPI-17-0115 | 20170115 | 13/11/2025 | 13/11/2025 | TESISPOSTGRADO | disponible |